000
00226nam a2200121Ia 4500
100
_a
Tagore
650
_a
Chemistry
942
_c
BK
245
_a
Gora
260
_b
Macmillon & co
_c
1964
300
_a
108
546
_a
ENGLISH
999
_c
24833
_d
24833